| 000 | 00681nam a2200265Ia 4500 | ||
|---|---|---|---|
| 003 | OSt | ||
| 005 | 20221006142531.0 | ||
| 006 | a|||||r|||| 00| 0 | ||
| 007 | ta | ||
| 008 | 221006b |||||||| |||| 00| 0 eng d | ||
| 020 | _c25.00 | ||
| 024 | _a6,547 | ||
| 037 | _cTextual | ||
| 040 |
_aEASL _cEASL _beng |
||
| 041 |
_2eng _aeng |
||
| 082 | _aY:1.40j5, K9 | ||
| 100 | _aNEEDHAM Joseph | ||
| 245 | 0 |
_aWithin the four seas _b The dialogue of east and west |
|
| 260 |
_aLondon _bGeorge Allen & Unwin _c1969 |
||
| 300 |
_a228p. _ccm. |
||
| 490 | _v CEL | ||
| 650 | _aCEL | ||
| 942 |
_hY:1.40j5, K9 _cTEXL _2CC |
||
| 999 |
_c1074633 _d1074633 |
||